AH International Schools' Libraries

(KHMER) Neang Keo Kinnorey: The tale of the Celestial Bird / (Record no. 50153)

MARC details
000 -LEADER
fixed length control field 00359nam a2200121 4500
020 ## - INTERNATIONAL STANDARD BOOK NUMBER
International Standard Book Number 9789924984269
100 ## - MAIN ENTRY--PERSONAL NAME
Personal name Hang Khmaw
9 (RLIN) 87192
245 ## - TITLE STATEMENT
Title (KHMER) Neang Keo Kinnorey: The tale of the Celestial Bird /
Statement of responsibility, etc Hang Khmaw
260 ## - PUBLICATION, DISTRIBUTION, ETC. (IMPRINT)
Place of publication, distribution, etc Cambodia
Name of publisher, distributor, etc Slaab Kaew
Date of publication, distribution, etc 2025
300 ## - PHYSICAL DESCRIPTION
Extent 206 p.
Other physical details ill.
Dimensions 30 cm.
650 ## - SUBJECT ADDED ENTRY--TOPICAL TERM
Topical term or geographic name as entry element Khmer and French Poem
9 (RLIN) 87193
942 ## - ADDED ENTRY ELEMENTS (KOHA)
Source of classification or shelving scheme
Koha item type Book
Holdings
Withdrawn status Lost status Source of classification or shelving scheme Damaged status Not for loan Collection code Home library Current library Shelving location Date acquired Full call number Barcode Date last seen Price effective from Koha item type
          Non-Fiction Asian Hope Siem Reap Asian Hope Siem Reap Non Fiction 02/06/2026 KHMER 895.932 HAN 209831 02/06/2026 02/06/2026 Book

For any Logos Library related questions please contact Miss Art at swongnarasuk@asianhope.org.

For any Asian Hope Library related questions please contact Miss Raza at graza@asianhope.org.

Click here to explore our ebooks!

Powered by Koha